[Event "17.Città di Padova Open A"]
[Site "Padova"]
[Date "2014.12.14"]
[Round "1.28"]
[White "Brezovar, Matjaz"]
[Black "Benetti, Lorenzo"]
[Result "1-0"]
[WhiteElo "2264"]
[BlackElo "1854"]
[Annotator "Gabriele Ballarin"]
[PlyCount "73"]
[EventDate "2014.12.14"]
[EventType "swiss"]
[EventRounds "9"]
[EventCountry "ITA"]

1. c4 f5 2. g3 Nf6 3. Bg2 g6 4. Nc3 Bg7 5. d3 O-O 6. e4 d6 7. Nge2 fxe4 8. dxe4 Nc6 9. O-O e5 10. Nd5 Be6 11. Bg5 Qd7 12. Qd2 Rf7 13. f3 Raf8 14. Rac1 Bh3 15. Be3 Bxg2 16. Kxg2 b6 17. b4 a5 18. a3 Ra8 19. Nec3 Rff8 20. Nb5 Nxd5 21. cxd5 Nd4 22. Nxd4 exd4 23. Bxd4 axb4 24. axb4 Bxd4 25. Qxd4 Ra2+ 26. Rf2 Rfa8 27. Rcf1 R2a4 28. Qc3 Ra3 29. Qf6 Rb3 30. Rb2 Raa3 31. Rxb3 Rxb3 32. Ra1 Qc8 33. Qd4 Qf8 34. Rf1 Qd8 35. Rf2 Kf7 36. h4 Qd7 37. Qh8 1-0

[Event "17.Città di Padova Open A"]
[Site "Padova"]
[Date "2014.12.14"]
[Round "1.29"]
[White "Antoniacci, Riccardo"]
[Black "Brunello, Marina"]
[Result "0-1"]
[WhiteElo "1843"]
[BlackElo "2254"]
[Annotator "Gabriele Ballarin"]
[PlyCount "48"]
[EventDate "2014.12.14"]
[EventType "swiss"]
[EventRounds "9"]
[EventCountry "ITA"]

1. e4 c5 2. Nf3 d6 3. d4 cxd4 4. Nxd4 Nf6 5. Nc3 a6 6. f4 e6 7. Be2 Be7 8. Be3 Qc7 9. Qd2 Nbd7 10. g4 Nc5 11. Bf3 Bd7 12. g5 Ng8 13. Qg2 Bf8 14. f5 Ne7 15. b4 Nd3+ 16. Kd2 Nxb4 17. Be2 Rc8 18. Nd1 exf5 19. Rc1 fxe4 20. c4 d5 21. Nf2 Nf5 22. c5 Nxe3 23. Kxe3 Be7 24. Nh3 Bxh3 0-1

[Event "17.Città di Padova Open A"]
[Site "Padova"]
[Date "2014.12.14"]
[Round "1.30"]
[White "Dimitrijeski, Boris"]
[Black "Pompili, Ugo"]
[Result "1-0"]
[WhiteElo "2251"]
[BlackElo "1841"]
[Annotator "Gabriele Ballarin"]
[PlyCount "91"]
[EventDate "2014.12.14"]
[EventType "swiss"]
[EventRounds "9"]
[EventCountry "ITA"]

1. d4 Nf6 2. c4 c5 3. d5 b5 4. cxb5 a6 5. bxa6 Bxa6 6. Nc3 d6 7. e4 Bxf1 8. Kxf1 g6 9. g3 Bg7 10. Kg2 O-O 11. Nf3 Nbd7 12. Qe2 Ng4 13. Ne1 h5 14. h3 Ngf6 15. a4 Nb6 16. Qc2 Qd7 17. Ra2 Ra6 18. b3 Rb8 19. Be3 Qb7 20. Nf3 Nfd7 21. Rb1 Qc7 22. Nb5 Qd8 23. Nd2 Ne5 24. Na3 Rc8 25. Nac4 e6 26. Nxe5 Bxe5 27. dxe6 fxe6 28. Nc4 Bg7 29. Rd1 d5 30. Nxb6 Rxb6 31. exd5 exd5 32. Bxc5 Rbc6 33. b4 Bf8 34. Qd3 Bxc5 35. bxc5 Kh7 36. Qxd5 Qf6 37. Qd7+ Kh6 38. Rd6 Rxd6 39. Qxd6 Qc3 40. Qf4+ Kg7 41. Rd2 Rf8 42. Qd4+ Qxd4 43. Rxd4 Rc8 44. Rc4 Kf6 45. c6 Ke6 46. c7 1-0

[Event "17.Città di Padova Open A"]
[Site "Padova"]
[Date "2014.12.14"]
[Round "1.31"]
[White "Desideri, Alessandro"]
[Black "Massironi, Marco"]
[Result "0-1"]
[WhiteElo "1834"]
[BlackElo "2236"]
[Annotator "Gabriele Ballarin"]
[PlyCount "66"]
[EventDate "2014.12.14"]
[EventType "swiss"]
[EventRounds "9"]
[EventCountry "ITA"]

1. e4 c5 2. Nf3 d6 3. d3 Nc6 4. g3 g6 5. Bg2 Bg7 6. O-O Nf6 7. Re1 O-O 8. c3 Nd7 9. Be3 Qb6 10. Qd2 Nde5 11. Nxe5 Nxe5 12. h3 Bxh3 13. f4 Bxg2 14. fxe5 Bh3 15. Na3 dxe5 16. Nc4 Qc6 17. Bh6 Rad8 18. Bxg7 Kxg7 19. Re2 Be6 20. Rh2 h5 21. Rxh5 Rh8 22. Rxh8 Rxh8 23. Nxe5 Qd6 24. Qf4 Rh5 25. Nf3 Qxd3 26. g4 Rh8 27. Qe5+ Kg8 28. Qb8+ Kg7 29. Qe5+ f6 30. Qxe6 Qxf3 31. Qxe7+ Kh6 32. g5+ Kxg5 33. Qxc5+ Kg4 {abb} 0-1

[Event "17.Città di Padova Open A"]
[Site "Padova"]
[Date "2014.12.14"]
[Round "1.32"]
[White "Pescatore, Lorenzo"]
[Black "Favero, Graziano"]
[Result "1-0"]
[WhiteElo "2234"]
[BlackElo "1834"]
[Annotator "Gabriele Ballarin"]
[PlyCount "115"]
[EventDate "2014.12.14"]
[EventType "swiss"]
[EventRounds "9"]
[EventCountry "ITA"]

1. e4 d6 2. d4 Nf6 3. Nc3 g6 4. Nf3 Bg7 5. h3 c6 6. a4 O-O 7. Be3 Nbd7 8. Be2 Qc7 9. O-O e5 10. dxe5 dxe5 11. Bc4 Nb6 12. Bb3 h6 13. Qe2 Nh5 14. Nh4 Kh7 15. a5 Nd7 16. g3 Ndf6 17. Kg2 Qe7 18. Rfd1 Ng8 19. Nf3 Be6 20. Bxe6 Qxe6 21. Bc5 Rfd8 22. Rxd8 Rxd8 23. Bxa7 f5 24. Bb6 Rd7 25. exf5 gxf5 26. Nh4 Nhf6 27. Qf3 Ne7 28. Re1 Nfd5 {=} 29. Nxd5 cxd5 30. c3 Bf6 31. Qh5 Bxh4 32. Qxh4 Ng6 33. Qh5 Rg7 34. Kh2 Ne7 35. b4 Rg5 36. Qe2 e4 37. Bd8 Rg8 38. Bxe7 Qxe7 39. Rd1 Qe5 40. Qe3 Rd8 41. Qd4 Qe6 42. c4 f4 43. cxd5 fxg3+ 44. fxg3 Qf5 45. Re1 Re8 46. d6 e3 47. Re2 Qf3 48. Qd3+ Kg7 49. d7 Rd8 50. Qxe3 Qxe3 51. Rxe3 Rxd7 52. Re5 Kf6 53. Rb5 Ke7 54. Rb6 Kd8 55. Rxh6 Kc7 56. h4 Rd4 57. Rb6 Rd2+ 58. Kh3 1-0

[Event "17.Città di Padova Open A"]
[Site "Padova"]
[Date "2014.12.14"]
[Round "1.33"]
[White "Bordignon, Angelo"]
[Black "Marguerettaz, Davy"]
[Result "0-1"]
[WhiteElo "1808"]
[BlackElo "2223"]
[Annotator "Gabriele Ballarin"]
[PlyCount "80"]
[EventDate "2014.12.14"]
[EventType "swiss"]
[EventRounds "9"]
[EventCountry "ITA"]

1. Nf3 d5 2. d3 c5 3. g3 Nc6 4. Bg2 g6 5. O-O Bg7 6. Nbd2 e6 7. e4 Nge7 8. Re1 O-O 9. c3 b5 10. a3 Rb8 11. e5 f6 12. exf6 Bxf6 13. Nf1 e5 14. Bh6 Re8 15. Qd2 c4 16. Bg5 Bg7 17. Nh4 cxd3 18. Qxd3 e4 19. Qd2 Bb7 20. Rad1 Ne5 21. Bxe4 dxe4 22. Qxd8 Rbxd8 23. Rxd8 Rxd8 24. Bxe7 Rd7 25. Bg5 h6 26. Bf4 Nd3 27. Rd1 g5 28. Bxg5 hxg5 29. Nf5 Bf8 30. N1e3 Rh7 31. Ng4 Kf7 32. Nfe3 Bc8 33. f3 Nxb2 34. Rb1 Bxa3 35. fxe4 a6 36. Kg2 Nc4 37. Nf5 Bb7 38. Nf2 Bc5 39. Re1 Bxf2 40. Kxf2 Rxh2+ 0-1

[Event "17.Città di Padova Open A"]
[Site "Padova"]
[Date "2014.12.15"]
[Round "2.10"]
[White "De Santis, Alessio"]
[Black "Lazic, Miroljub"]
[Result "1/2-1/2"]
[WhiteElo "2288"]
[BlackElo "2459"]
[Annotator "Gabriele Ballarin"]
[PlyCount "79"]
[EventDate "2014.12.14"]
[EventType "swiss"]
[EventRounds "9"]
[EventCountry "ITA"]
[SourceTitle "The Week in Chess 1049"]
[Source "Mark Crowther"]
[SourceDate "2014.12.15"]
[SourceVersion "1"]
[SourceVersionDate "2014.12.15"]
[SourceQuality "2"]

1. d4 d6 2. e4 Nf6 3. Nc3 e5 4. dxe5 dxe5 5. Qxd8+ Kxd8 6. Bg5 c6 (6... g6 7. f4 h6 8. O-O-O+ Ke8 9. Bh4 exf4 10. e5 Nfd7 11. Ne4 Be7 12. Nd6+ Bxd6 13. exd6 Ne5 14. Re1 f6 15. Nf3 Kd7 16. Nxe5+ fxe5 17. Be7) 7. f4 h6 8. O-O-O+ Ke8 9. Bh4 exf4 10. e5 Nfd7 11. Ne4 Be7 12. Nd6+ Bxd6 13. exd6 Ne5 14. Re1 f6 15. Nf3 Kd7 16. Nxe5+ fxe5 17. Be7 c5 18. Rxe5 Nc6 19. Bb5 a6 20. Bxc6+ Kxc6 21. h4 Bd7 22. Rf1 g5 23. hxg5 hxg5 24. Rxg5 Rag8 25. Rf2 Be6 26. b3 Rh2 27. Rxg8 Bxg8 28. Bg5 Bd5 29. Bxf4 Rxg2 30. Rxg2 Bxg2 31. Kd2 Be4 32. a3 b5 33. b4 cxb4 34. axb4 Bf5 35. c3 Bg4 36. Ke3 Bh3 37. Kd4 Be6 38. Bg3 Bf7 39. Ke5 Kd7 40. Kd4 $11 {½-½ (40) De Santis,A (2288)-Lazic,M (2459) Padova 2014} 1/2-1/2

[Event "17.Città di Padova Open A"]
[Site "Padova"]
[Date "2014.12.15"]
[Round "2.13"]
[White "Laketic, Gojko"]
[Black "Dimitrijeski, Boris"]
[Result "1/2-1/2"]
[WhiteElo "2389"]
[BlackElo "2251"]
[Annotator "Gabriele Ballarin"]
[PlyCount "109"]
[EventDate "2014.12.14"]
[EventType "swiss"]
[EventRounds "9"]
[EventCountry "ITA"]

1. d4 d5 2. c4 c6 3. Nf3 Nf6 4. Qc2 dxc4 5. Qxc4 Bg4 6. Nc3 Nbd7 7. Qd3 Bxf3 8. Qxf3 e5 9. dxe5 Nxe5 10. Qf5 Qc7 11. g3 Bd6 12. Bg2 O-O 13. O-O Rfe8 14. Qc2 h6 15. b3 Qe7 16. a3 Rad8 17. Bb2 h5 18. Ne4 Nxe4 19. Qxe4 Ng6 20. Qxe7 Rxe7 21. Bf3 Be5 22. Bxe5 Nxe5 23. Bxh5 g6 24. Bf3 Nxf3+ 25. exf3 Rd3 26. Rab1 Rxf3 27. Kg2 Rd3 28. Rfd1 Red7 29. Rxd3 Rxd3 30. Rb2 Kf8 31. h4 Ke7 32. Re2+ Kd6 33. Re3 Rxe3 34. fxe3 c5 35. g4 b5 36. Kf3 Ke5 37. h5 gxh5 38. gxh5 c4 39. bxc4 bxc4 40. h6 Kf6 41. Ke4 Kg6 42. Kd4 Kxh6 43. Kxc4 Kg5 44. a4 f5 45. a5 f4 46. exf4+ Kxf4 47. Kd5 Kf5 48. Kd6 Kf6 49. a6 Kf7 50. Kd7 Kf8 51. Kc8 Ke7 52. Kb7 Kd7 53. Kxa7 Kc7 54. Ka8 Kc8 55. a7 1/2-1/2

[Event "17.Città di Padova Open A"]
[Site "Padova"]
[Date "2014.12.15"]
[Round "2.14"]
[White "Massironi, Marco"]
[Black "Aghayev, Miragha"]
[Result "1/2-1/2"]
[WhiteElo "2236"]
[BlackElo "2372"]
[Annotator "Gabriele Ballarin"]
[PlyCount "50"]
[EventDate "2014.12.14"]
[EventType "swiss"]
[EventRounds "9"]
[EventCountry "ITA"]

1. e4 c5 2. Nf3 d6 3. d4 Nf6 4. Nc3 cxd4 5. Nxd4 Bd7 6. Be2 Nc6 7. Be3 e6 8. O-O a6 9. f4 Be7 10. Qe1 Nxd4 11. Bxd4 Bc6 12. Bd3 b5 13. a3 O-O 14. Qg3 Re8 15. Rae1 e5 16. fxe5 dxe5 17. Be3 Qd6 18. Rf5 Bd7 19. Rxe5 Ng4 20. Rxe7 Qxe7 21. Nd5 Qe5 22. Qxe5 Nxe5 23. Nc7 Bc6 24. Nxa8 Bxa8 25. Bd4 f5 1/2-1/2

[Event "17.Città di Padova Open A"]
[Site "Padova"]
[Date "2014.12.15"]
[Round "2.15"]
[White "Basso, Pier Luigi"]
[Black "Pescatore, Lorenzo"]
[Result "1/2-1/2"]
[WhiteElo "2359"]
[BlackElo "2234"]
[Annotator "Gabriele Ballarin"]
[PlyCount "147"]
[EventDate "2014.12.14"]
[EventType "swiss"]
[EventRounds "9"]
[EventCountry "ITA"]

1. Nf3 c5 2. c4 Nc6 3. Nc3 g6 4. g3 Bg7 5. Bg2 e6 6. e3 Nge7 7. d4 cxd4 8. Nxd4 d5 9. cxd5 exd5 10. O-O O-O 11. Qb3 Nxd4 12. exd4 Nc6 13. Qxd5 Qxd5 14. Nxd5 Nxd4 15. Bg5 Be6 16. Nc7 Rac8 17. Nxe6 Nxe6 $11 18. Be3 b6 19. Rad1 Bxb2 20. Rd7 Rc7 21. Rxc7 Nxc7 22. Rd1 Ne6 23. Rd7 Rd8 24. Rxa7 Bd4 25. Bxd4 Rxd4 26. Bc6 Kf8 27. Rb7 Rd6 28. Bb5 Nc5 29. Ra7 Ne6 30. Bc4 Rc6 31. Bd5 Rd6 32. Bc4 Rc6 33. Bd5 Rd6 34. Bb3 Rc6 35. Rb7 Rd6 36. Kf1 Nd8 37. Ra7 Ne6 38. Ke1 Rc6 39. Rb7 Rd6 40. Ra7 Kg7 41. h4 h6 42. f4 Kf6 43. Rb7 Nd8 44. Ra7 Ne6 45. Rb7 Nd8 46. Rc7 Ne6 47. Ra7 Rd3 48. Kf2 Rd2+ 49. Ke3 Rg2 50. Kf3 Rd2 51. Ke3 Rg2 52. Kf3 Rd2 53. Rb7 Rd6 54. Ke3 h5 55. Ra7 Rc6 56. Kd3 Nc5+ 57. Kc4 Nxb3+ 58. Kxb3 Kf5 59. Rxf7+ Kg4 60. f5 gxf5 61. Rg7+ Kh3 62. Kb4 Rf6 63. Kb5 f4 64. gxf4 Rxf4 65. Kxb6 Ra4 66. Ra7 Rxa7 67. Kxa7 Kxh4 68. a4 Kg5 69. a5 h4 70. a6 h3 71. Kb8 h2 72. a7 h1=Q 73. a8=Q Qxa8+ 74. Kxa8 1/2-1/2

[Event "17.Città di Padova Open A"]
[Site "Padova"]
[Date "2014.12.15"]
[Round "2.16"]
[White "Marguerettaz, Davy"]
[Black "Sumets, Andrey"]
[Result "0-1"]
[WhiteElo "2223"]
[BlackElo "2578"]
[Annotator "Gabriele Ballarin"]
[PlyCount "34"]
[EventDate "2014.12.14"]
[EventType "swiss"]
[EventRounds "9"]
[EventCountry "ITA"]

1. e4 c6 2. d4 d5 3. exd5 cxd5 4. Bd3 Nc6 5. c3 Nf6 6. h3 g6 7. Nf3 Bf5 8. Bxf5 gxf5 9. Bf4 e6 10. Nbd2 Rg8 11. O-O Bd6 12. Ne5 Qc7 13. Re1 O-O-O 14. b4 Ne4 15. Nxc6 Qxc6 16. Bxd6 Qxd6 17. f3 Rxg2+ 0-1

[Event "17.Città di Padova Open A"]
[Site "Padova"]
[Date "2014.12.15"]
[Round "2.17"]
[White "Petkov, Vladimir"]
[Black "Santolini, Luigi"]
[Result "0-1"]
[WhiteElo "2525"]
[BlackElo "2115"]
[Annotator "LS"]
[PlyCount "80"]
[EventDate "2014.12.14"]
[EventType "swiss"]
[EventRounds "9"]
[EventCountry "ITA"]

1. d4 d5 2. c4 e6 3. Nf3 Nf6 4. Nc3 c5 5. e3 {solitamente Petkov predilige lo sviluppo dell' in fianchetto} Nc6 6. cxd5 Nxd5 7. Bd3 cxd4 8. exd4 Be7 9. O-O O-O 10. Re1 Bf6 {Condiderato il seguito migliore da Karpov. Totalmente plausibile anche 10...f6} 11. Be4 ({la più incisiva. Fra i vari seguiti anche} 11. Ne4 $5 Bxd4 $44) 11... Nce7 12. Ne5 ({ad inizio anno avevo adottato la stessa variante contro Kenny Solomon al torneo del Santo e dopo} 12. h4 $5 Bd7 13. Ng5 g6 14. h5 Bc6 15. hxg6 hxg6 16. Qg4 Kg7 17. Bd2 $2 Nf5 $6 (17... Qb6 $1 $17) 18. Nf3 Rh8 $1 $15 19. Rad1 Rh5 20. g3 Nxc3 21. bxc3 Bxe4 22. Qxe4 Nd6 23. Qb1 Qc8 $6 (23... Qa5 $15) 24. Bf4 $6 Qc6 25. Qd3 Nc4 26. Qe4 Rc8 27. Rb1 Qxe4 28. Rxe4 b6 29. g4 Ra5 30. Re2 g5 31. Bc1 Kg6 32. Kg2 Nd6 $6 (32... Ra4 $1) 33. Rb3 Rc4 34. Ba3 $6 Nb5 35. Bb4 Ra4 36. Re5 $2 (36. a3 $8 Nc7 37. Nd2 Rc6 38. Re4 Nb5 39. Re1 Bg7 40. Re4 Rc8 41. Re1 a5 $17) {Con nella mente il  ancora in g7 ho giocato l'incredibile} 36... Bxe5 (36... Nxd4 {Guadagna pedone e partita}) {e dopo} 37. Nxe5+ {ho abbandonato}) 12... Bd7 13. Qd3 g6 (13... h6 $5 14. Qg3 Bc6 15. Nxc6 bxc6) 14. Bh6 Re8 $5 (14... Bg7 {è la variante consigliata dai sacri testi, ma dopo} 15. Bxg7 Kxg7 16. Bxd5 (16. Qd2 $5 $14) 16... Nxd5 (16... exd5 17. Re2 $14) 17. Nxd5 exd5 18. Qb3 Bc6 {la posizione è certamente sostenibile, ma non gradevole. Anche Rybka preferisce 14. ..e8}) 15. Rad1 (15. Qf3 Bc6 16. Bxd5 Nxd5) 15... Bc6 16. Qf3 Nf5 17. Bf4 ({Petkov non sembrava del tutto a proprio agio e le ultime mosse gli erano costate una grande quantità di tempo.} 17. Nxc6 bxc6 18. Nxd5 cxd5 19. Bxf5 exf5 20. Rxe8+ Qxe8 21. Qxd5 Rd8 22. Qa5 Bxd4 $11) 17... Nxc3 $2 ({Un'inversione di mosse che poteva costarmi cara} 17... Nh4 18. Qg3 Nxc3 19. bxc3 Bxe4 $11 {Ancora migliore era però}) (17... Bg7 18. a3 Nh4 19. Qg3 Nxc3 20. bxc3 Bxe4 $15) 18. Nxc6 $14 bxc6 (18... Nh4 $4 19. Qxc3) 19. bxc3 Nh4 $6 (19... Ne7 $142 20. Rb1 Nd5 $14) 20. Qe2 $16 (20. Qd3 $16) 20... Rc8 21. Rb1 $2 ({Petkov era qui già in zeitnot e comincia a sbagliare. Meglio} 21. Qa6 Qd7 22. Rb1 e5 23. dxe5 Bxe5 24. Rbd1 Qc7 25. Bxc6 Qxc6 26. Qxc6 Rxc6 27. Bxe5 $16) 21... e5 $1 $11 22. dxe5 Bxe5 23. Bxe5 (23. Rbd1 Qa5 24. Bxe5 Rxe5 $11) 23... Rxe5 24. Qa6 (24. f3 f5 25. Qc4+ Kf8 26. Bc2 Qg5 27. Qf1 Rxe1 28. Rxe1 Rd8 $13) 24... Rc7 25. g3 Qe7 $1 (25... Qe8 26. gxh4 Rxe4 27. Rxe4 Qxe4 28. Rb7 Qg4+ 29. Kf1 Qd1+ 30. Kg2 Rxb7 31. Qxb7 Qd5+ 32. Kg3 Qxa2 $15 {ma l'esito probabile è patta.}) 26. Qe2 $6 (26. Qd3 Rd7 27. Qe3 f5 28. Qf4 g5 29. Qc1 fxe4 (29... Rxe4 30. gxh4 Rxe1+ 31. Qxe1 Qxe1+ 32. Rxe1 gxh4 $15) 30. gxh4 Qf6 (30... gxh4 31. Qf4 h5 $15) 31. h5 Qe6 $15) 26... Nf5 $1 $17 27. f4 $4 ({Per una volta sbagliano "loro". Con pochi secondi sull'orologio il GM commette uno svarione. Forzata} 27. f3 $8 Nd6 28. c4 Rc8 29. Rb3 Qe6 30. Kg2 Re8 $17) 27... Re6 $19 28. Qf3 (28. Rbd1 Nd6 29. Rxd6 Qxd6 30. Qc4 Rce7 31. Re2 Qb8 $19) 28... Nd6 29. Rb8+ (29. Rb4 c5 30. Ra4 c4 $19) 29... Kg7 30. f5 gxf5 ({Vince anche} 30... Rxe4 31. f6+ Qxf6 32. Rg8+ Kxg8 33. Qxf6 Rxe1+ 34. Kg2 Re2+ 35. Kf1 Ne8 {ma ho preferito evitare ogn rischio, reale o immaginario che fosse.}) 31. Qf4 Rxe4 32. Rxe4 Nxe4 33. Kg2 (33. Qxf5 Qc5+ $19) 33... Rd7 34. Qxf5 Rd2+ 35. Kg1 Qc5+ $2 (35... Ng5 $1 {è devastante}) 36. Qxc5 Nxc5 37. Rc8 Rxa2 38. Rxc6 Ne6 39. Rc4 a5 40. h4 a4 0-1

[Event "17.Città di Padova Open A"]
[Site "Padova"]
[Date "2014.12.15"]
[Round "2.18"]
[White "Drazic, Sinisa"]
[Black "Mrdja, Milan"]
[Result "1/2-1/2"]
[WhiteElo "2438"]
[BlackElo "2383"]
[Annotator "Gabriele Ballarin"]
[PlyCount "156"]
[EventDate "2014.12.14"]
[EventType "swiss"]
[EventRounds "9"]
[EventCountry "ITA"]

1. Nf3 c5 2. b3 Nc6 3. Bb2 b6 4. e3 Bb7 5. d4 cxd4 6. exd4 d5 7. Nbd2 Nf6 8. Bd3 e6 9. O-O Bd6 10. Ne5 O-O 11. a3 Nd7 12. f4 Ne7 13. Qh5 f5 14. Nxd7 Qxd7 15. Rae1 Ng6 16. g3 a5 17. Qe2 Rfe8 18. Nf3 Bc6 19. h4 h6 20. h5 Nf8 21. Ne5 Bxe5 22. fxe5 Re7 23. g4 fxg4 24. Qxg4 Bb5 25. c4 Ba6 26. a4 dxc4 27. bxc4 Qxa4 28. d5 Rc8 29. d6 Rf7 30. Rxf7 Kxf7 31. Ra1 Qd7 32. Rf1+ Kg8 33. Bc1 b5 34. Bxh6 bxc4 35. Bc2 c3 36. Rf4 Rc4 37. Rxc4 Bxc4 38. Qxc4 gxh6 39. Qxc3 Qg7+ 40. Kf2 Qg5 41. Qxa5 Qxh5 42. Be4 Qh4+ 43. Ke3 Nd7 44. Qa8+ Kf7 45. Qb7 Qe1+ 46. Kf3 Qf1+ 47. Kg3 Qe1+ $11 48. Kh3 Qe3+ 49. Kg4 Qg1+ 50. Kh3 Qe3+ 51. Kh2 Qf2+ 52. Kh3 Qe3+ 53. Kg4 Qg1+ 54. Kf3 Qf1+ 55. Ke3 Qe1+ 56. Kd3 Qd1+ 57. Kc3 Qc1+ 58. Kb3 Qd1+ 59. Ka3 Qa1+ 60. Kb3 Qd1+ 61. Kb2 Qd2+ 62. Ka3 Qc1+ 63. Ka2 Qd2+ 64. Kb1 Qd1+ 65. Kb2 Qd2+ 66. Bc2 Qd4+ 67. Kc1 Qa1+ 68. Kd2 Qd4+ 69. Bd3 Qf2+ 70. Kd1 Qg1+ 71. Kc2 Qc5+ 72. Kd2 Qa5+ 73. Kd1 Qa1+ 74. Kc2 Qa2+ 75. Kc3 Qa5+ 76. Kc2 Qa2+ 77. Kc1 Qa3+ 78. Kd2 Qa5+ 1/2-1/2

[Event "17.Città di Padova Open A"]
[Site "Padova"]
[Date "2014.12.15"]
[Round "2.19"]
[White "Polese, Marco"]
[Black "Bruno, Fabio"]
[Result "0-1"]
[WhiteElo "1897"]
[BlackElo "2437"]
[Annotator "Gabriele Ballarin"]
[PlyCount "64"]
[EventDate "2014.12.14"]
[EventType "swiss"]
[EventRounds "9"]
[EventCountry "ITA"]

1. c4 e6 2. Nc3 d5 3. d4 c6 4. Nf3 Nf6 5. e3 Nbd7 6. Bd3 dxc4 7. Bxc4 b5 8. Bb3 Bb7 9. a3 a6 10. Bc2 c5 11. Ne2 Qc7 12. Bd2 Rc8 13. Rc1 Qb8 14. Ng3 cxd4 15. exd4 Bd6 16. Qe2 O-O 17. Ne4 Bf4 18. O-O Bd5 19. Rfe1 Bxd2 20. Nfxd2 Qb6 21. Nf3 Rc7 22. Bd3 Rfc8 23. Rc3 Rxc3 24. bxc3 Bxe4 25. Bxe4 Rxc3 26. Bb1 Qd6 27. Rd1 Qxa3 28. Ne5 Qd6 29. h3 g6 30. Kh1 Kg7 31. Bc2 Nb6 32. Qd2 b4 0-1

[Event "17.Città di Padova Open A"]
[Site "Padova"]
[Date "2014.12.15"]
[Round "2.20"]
[White "Goossens, Hanne"]
[Black "Sonis, Francesco"]
[Result "1/2-1/2"]
[WhiteElo "2090"]
[BlackElo "2206"]
[Annotator "Gabriele Ballarin"]
[PlyCount "79"]
[EventDate "2014.12.14"]
[EventType "swiss"]
[EventRounds "9"]
[EventCountry "ITA"]

1. e4 c5 2. Nf3 d6 3. d4 cxd4 4. Nxd4 Nf6 5. Nc3 a6 6. Be3 e5 7. Nb3 Be6 8. h3 Nc6 9. Qf3 Rc8 10. O-O-O b5 11. g4 Qc7 12. Kb1 Na5 13. Nxa5 Qxa5 14. Nd5 Bxd5 15. exd5 Be7 16. g5 Nd7 17. Bd3 Nc5 18. Qf5 Qc7 19. Bxc5 Qxc5 20. h4 Rc7 21. Qf3 a5 22. Rdg1 b4 23. Rg4 Qb6 24. h5 a4 25. Qe4 Rb7 26. g6 hxg6 27. hxg6 Rxh1+ 28. Qxh1 f5 29. Bxf5 Qxf2 30. Bd3 a3 31. Rc4 Rb8 32. b3 Qf6 33. Be4 Qf2 34. Qh8+ Bf8 35. Qh1 Be7 36. Qh8+ Kd7 37. Qh3+ Ke8 38. Qh8+ Kd7 39. Qh3+ Ke8 40. Qh8+ 1/2-1/2

[Event "17.Città di Padova Open A"]
[Site "Padova"]
[Date "2014.12.15"]
[Round "2.21"]
[White "Santeramo, Alessia Carmen"]
[Black "Bergamasco, Tommaso"]
[Result "1-0"]
[WhiteElo "2203"]
[BlackElo "2012"]
[Annotator "Gabriele Ballarin"]
[PlyCount "67"]
[EventDate "2014.12.14"]
[EventType "swiss"]
[EventRounds "9"]
[EventCountry "ITA"]

1. e4 e5 2. Nf3 d6 3. d4 Nf6 4. Nc3 Nbd7 5. Bc4 Be7 6. h3 O-O 7. Be3 c6 8. a4 b6 9. O-O h6 10. Qe2 Qc7 11. Rfd1 Nh7 12. d5 c5 13. a5 bxa5 14. Nb5 Qb8 15. Rxa5 a6 16. Nc3 Ng5 17. Nxg5 Bxg5 18. Bxg5 hxg5 19. Qd2 Nf6 20. b3 Qb4 21. Rda1 Nd7 22. R5a4 Qb6 23. Qxg5 f6 24. Qd2 Nb8 25. Ne2 f5 26. exf5 Rxf5 27. Ng3 Rf4 28. Bd3 Rxa4 29. Rxa4 Bd7 30. Ra1 a5 31. Qg5 Be8 32. Qh4 Qc7 33. Qh7+ Kf8 34. Qh8+ 1-0

[Event "17.Città di Padova Open A"]
[Site "Padova"]
[Date "2014.12.15"]
[Round "2.22"]
[White "Karkovic, Mate"]
[Black "Andreoni, Giuseppe"]
[Result "0-1"]
[WhiteElo "1999"]
[BlackElo "2179"]
[Annotator "Gabriele Ballarin"]
[PlyCount "62"]
[EventDate "2014.12.14"]
[EventType "swiss"]
[EventRounds "9"]
[EventCountry "ITA"]

1. d4 Nf6 2. Nf3 g6 3. g3 Bg7 4. Bg2 O-O 5. O-O d5 6. c4 dxc4 7. Na3 c3 8. bxc3 c5 9. Bb2 Nc6 10. Nc4 Qc7 11. Rc1 Be6 12. Ncd2 Rfd8 13. Ng5 Bc8 14. Qb3 e6 15. e4 cxd4 16. cxd4 Qa5 17. Nc4 Qxg5 18. h4 Qh5 19. e5 Ne8 20. Rcd1 g5 21. Bf3 g4 22. Be2 f5 23. f3 gxf3 24. Bxf3 Qg6 25. Kh2 Bd7 26. Ne3 Ne7 27. Ba3 Nd5 28. Nxd5 exd5 29. Bxd5+ Kh8 30. Qxb7 Rab8 31. Qxa7 Bc6 0-1

[Event "17.Città di Padova Open A"]
[Site "Padova"]
[Date "2014.12.15"]
[Round "2.23"]
[White "Damia, Angelo"]
[Black "Gallo, Enrico"]
[Result "1-0"]
[WhiteElo "2177"]
[BlackElo "1982"]
[Annotator "Gabriele Ballarin"]
[PlyCount "83"]
[EventDate "2014.12.14"]
[EventType "swiss"]
[EventRounds "9"]
[EventCountry "ITA"]

1. d4 d5 2. Nf3 Nf6 3. c4 c6 4. Nc3 g6 5. e3 Bg7 6. cxd5 cxd5 7. Qa4+ Nbd7 8. Qb3 e6 9. Bd2 O-O 10. Nb5 a6 11. Nd6 Ne4 12. Bb4 Nxd6 13. Bxd6 Re8 14. Rc1 e5 15. Rc7 Bf8 16. dxe5 Nxe5 17. Bxe5 Rxe5 18. Rxc8 Qxc8 19. Nxe5 Qc1+ 20. Ke2 Rc8 21. Qxd5 Qxb2+ 22. Kf3 Bg7 23. Nd3 Qf6+ 24. Kg3 h5 25. h4 Rd8 26. Qe4 Qa1 27. Kh2 Qxa2 28. Qxb7 a5 29. Qf3 a4 30. Be2 a3 31. Rd1 Qe6 32. Nf4 Qe7 33. Rxd8+ Qxd8 34. Bc4 Qxh4+ 35. Kg1 Qe7 36. Nxg6 Qc7 37. Qd5 Bf6 38. Nf4 h4 39. Qa8+ Bd8 40. Qd5 Kf8 41. Nd3 Bf6 42. Nc5 1-0

[Event "17.Città di Padova Open A"]
[Site "Padova"]
[Date "2014.12.15"]
[Round "2.24"]
[White "Ballarin, Gabriele"]
[Black "Mileto, Gabriele"]
[Result "1/2-1/2"]
[WhiteElo "1946"]
[BlackElo "2175"]
[Annotator "Gabriele Ballarin"]
[PlyCount "123"]
[EventDate "2014.12.14"]
[EventType "swiss"]
[EventRounds "9"]
[EventCountry "ITA"]

1. e4 c6 2. d4 d5 3. exd5 cxd5 4. Bd3 Nc6 5. Nf3 Bg4 6. c3 Qc7 7. Nbd2 e6 8. Qa4 Bd6 9. h3 Bh5 10. O-O Nf6 11. Re1 O-O 12. Nh4 a6 13. g4 Bg6 14. Nxg6 hxg6 15. Nf3 b5 16. Qd1 Nd7 17. Bb1 Rfc8 18. Qd3 b4 19. h4 bxc3 20. bxc3 Ne7 21. Bd2 Nf6 22. h5 Ne4 23. Rxe4 dxe4 24. Qxe4 Rab8 25. hxg6 Nxg6 26. Bd3 Qc6 27. Qxc6 Rxc6 28. c4 Nf4 29. Bf1 Rb2 30. c5 Bb8 31. Be3 Nd5 32. Bc1 Rb4 33. Bd2 Rb2 34. Bc1 Rb7 35. Bd2 Bf4 36. Bxf4 Nxf4 37. Ne5 Rcc7 38. Bxa6 Rb2 39. a4 Nh3+ 40. Kg2 Nxf2 41. Kf3 Nh3 42. Nc4 Rb3+ 43. Ke2 Nf4+ 44. Kf2 Ra7 45. Bc8 Rb4 46. Nb6 Rxd4 47. c6 Nd5 48. Nxd5 Rxd5 49. Bb7 Rc5 50. a5 Rcxa5 51. Rxa5 Rxa5 52. c7 Rc5 53. c8=Q+ Rxc8 54. Bxc8 Kh7 55. Kg3 g5 56. Kf3 Kg6 57. Ke4 f5+ 58. gxf5+ exf5+ 59. Bxf5+ Kf6 60. Bg4 Ke7 61. Kf5 Kd6 62. Kxg5 1/2-1/2